Ecología y manejo de recursos naturales : (Registro nro. 3840)

Detalles MARC
000 -CABECERA
Campo de control 01129nam a2200301 a 4500
005 - FECHA Y HORA DE LA ULTIMA TRANSACCION
Campo de control 20191224041715.0
008 - ELEMENTOS DE LONGITUD FIJA—INFORMACION GENERAL
Campo de control 140312b2001 cr d||||r|||| 00| 0 spa d
020 ## - ISBN
ISBN 9290394536
040 ## - FUENTE DE CATALOGACIÓN
Agencia catalogadora original CO-BoIAVH
Agencia transcriptora CO-BoIAVH
041 0# - IDIOMA
Código de idioma para texto/pista de sonido o título separado Español
044 ## - PAÍS DE PUBLICACIÓN
País de publicación Costa Rica
082 04 - NUMERO DE CLASIFICACION DECIMAL DEWEY
Número de clasificación 333.72
Número del ítem G76e
100 1# - ASIENTO PRINCIPAL--NOMBRE PERSONAL
Nombre personal Grant, William E.
Término relacionado autor
9 (RLIN) 20786
245 10 - MENCION DE TITULO
Título Ecología y manejo de recursos naturales :
Parte restante del título análisis de sistemas y simulación /
Mención de responsabilidad William E. Grant, Sandra L. Marín y Ellen K. Pedersen
260 ## - PUBLICACION, DISTRIBUCION, ETC. (PIE DE IMPRENTA)
Lugar de publicación, distribución, etc. San José, Costa Rica :
Nombre del editor, distribuidor, etc. IICA,
Fecha de publicación, distribución, etc. 2001.
300 ## - DESCRIPCION FISICA
Extensión 340 páginas :
Otros detalles físicos gráficas y tablas ;
Dimensiones 28 x 21 cm.
504 ## - NOTA DE BIBLIOGRAFIA, ETC.
Nota de bibliografía Incluye referencias bibliográficas.
650 26 - ASIENTO SECUNDARIO DE MATERIA - TERMINO TEMATICO
Término temático o nombre geográfico como elemento de entrada Ecología
9 (RLIN) 92250
650 26 - ASIENTO SECUNDARIO DE MATERIA - TERMINO TEMATICO
Término temático o nombre geográfico como elemento de entrada Recursos naturales
9 (RLIN) 74003
650 24 - ASIENTO SECUNDARIO DE MATERIA - TERMINO TEMATICO
Término temático o nombre geográfico como elemento de entrada Sistemas de simulación
9 (RLIN) 20788
650 26 - ASIENTO SECUNDARIO DE MATERIA - TERMINO TEMATICO
Término temático o nombre geográfico como elemento de entrada Modelos de simulación
9 (RLIN) 8217
650 26 - ASIENTO SECUNDARIO DE MATERIA - TERMINO TEMATICO
Término temático o nombre geográfico como elemento de entrada Dinámica de poblaciones
9 (RLIN) 3491
650 24 - ASIENTO SECUNDARIO DE MATERIA - TERMINO TEMATICO
Término temático o nombre geográfico como elemento de entrada Manejo de recursos naturales
9 (RLIN) 4728
700 1# - ASIENTO SECUNDARIO - NOMBRE PERSONAL
Nombre personal Marín , Sandra L.
Término de relación autora
9 (RLIN) 20789
700 1# - ASIENTO SECUNDARIO - NOMBRE PERSONAL
Nombre personal Pedersen, Ellen K.
Término de relación autora
9 (RLIN) 20790
710 2# - ASIENTO SECUNDARIO - NOMBRE CORPORATIVO
Nombre corporativo o de jurisdicción como elemento de entrada Instituto Interamericano de Cooperación para la Agricultura (IICA)
9 (RLIN) 67366
942 ## - ELEMENTOS ADICIONALES (KOHA)
Tipo de ítem Libro
Sistema de clasificación Dewey Decimal Classification
Existencias
Withdrawn status Lost status Sistema de Clasificación Damaged status No para préstamo Colección Inventariado Ubicación Permanente Ubicación actual Fecha de adquisición Fuente de Valor Valor Total Checkouts Número topográfico Inventario / Código de Barras Date last seen Ejemplar Price effective from Forma de adquisición Tipo de material
    Dewey Decimal Classification     General Inventariado 2017 Bogotá Bogotá 13/10/2006 Instituto 39000.00   LB-333.72 G76e 023427 04/12/2012 Ej. 2 04/12/2012 Donación Libro
    Dewey Decimal Classification     General Inventariado 2017 Sala Fabio Quevedo Sala Fabio Quevedo 13/05/2004 Instituto 39000.00   LB-333.72 G76e 015609 04/12/2012 Ej. 1 04/12/2012 Donación Libro